Marunaattile rubber krishi Keralathinu bheeshaniyo: Ulpadanam amithamaakkan saadhyatha kuravu (Record no. 74681)

MARC details
000 -LEADER
fixed length control field 00310nam a22001097a 4500
245 ## - TITLE STATEMENT
Title Marunaattile rubber krishi Keralathinu bheeshaniyo: Ulpadanam amithamaakkan saadhyatha kuravu
260 ## - PUBLICATION, DISTRIBUTION, ETC. (IMPRINT)
Place of publication Kottayam
Name of publisher Karshakaree, 28(6)
Year of publication 2022
300 ## - PHYSICAL DESCRIPTION
Number of Pages 67-68
310 ## - CURRENT PUBLICATION FREQUENCY
Current publication frequency Monthly
650 ## - SUBJECT ADDED ENTRY--TOPICAL TERM
Topical Term Rubber price
942 ## - ADDED ENTRY ELEMENTS (KOHA)
Koha item type Journals
Holdings
Withdrawn status Lost status Damaged status Not for loan Home library Current library Date acquired Serial Enumeration / chronology Koha item type
        RRII Library RRII Library 03/06/2022 28, 5, June, 2022 Journals